Loading...
Auditory Arts | 2 | 0.00 | 0% | 0% | 0% |
Beliefs | 2 | 0.00 | 0% | 0% | 0% |
Current Events | 1 | 10.00 | 100% | 0% | 0% |
Geography | 1 | 0.00 | 0% | 0% | 0% |
History - European History | 1 | 10.00 | 100% | 0% | 0% |
History - World History | 1 | 0.00 | 0% | 0% | 0% |
Literature - American Literature | 1 | 0.00 | 0% | 0% | 0% |
Literature - British Literature | 2 | 5.00 | 50% | 0% | 0% |
Literature - European Literature | 1 | 0.00 | 0% | 0% | 0% |
Literature - World Literature | 2 | 0.00 | 0% | 0% | 0% |
Philosophy | 3 | 3.33 | 33% | 0% | 0% |
Science - Biology | 2 | 10.00 | 100% | 0% | 0% |
Science - Chemistry | 1 | 10.00 | 100% | 0% | 0% |
Science - Other Science | 1 | 0.00 | 0% | 0% | 0% |
Science - Physics | 3 | 0.00 | 0% | 0% | 0% |
Social Science | 2 | 10.00 | 100% | 0% | 0% |
Visual Arts | 3 | 6.67 | 67% | 0% | 0% |